000 00275nam a22001097a 4500
008 160613b xxu||||| |||| 00| 0 eng d
020 _a0683060511
041 _aeng
080 _a618.2
245 _aCase studies in critical care nursing:
_cBarbara Clark Mims;
942 _2udc
_cBK
999 _c2489
_d2489